Methods in plant biochemistry
Αποθηκεύτηκε σε:
| Άλλοι συγγραφείς: | , |
|---|---|
| Μορφή: | Βιβλίο |
| Γλώσσα: | English |
| Δημοσίευση: |
London :
Academic Press,
c1989-1990.
|
| Σειρά: | Methods in plant biochemistry
|
| Θέματα: | |
| Ετικέτες: |
Προσθήκη ετικέτας
Δεν υπάρχουν, Καταχωρήστε ετικέτα πρώτοι!
|
MARC
| LEADER | 00000cam a2200000 i 4500 | ||
|---|---|---|---|
| 001 | 1/7333 | ||
| 008 | 960802m19891990enk|###|||###|||| ||eng|d | ||
| 020 | |a 0124610110 |q (τ. 1) | ||
| 020 | |a 0124610129 |q (τ. 2) | ||
| 035 | |l 10016667 | ||
| 035 | |l 10016665 | ||
| 040 | |a GR-MY-UA |b gre |e aacr | ||
| 041 | 0 | |a eng | |
| 082 | 0 | |a 581 | |
| 245 | 0 | 0 | |a Methods in plant biochemistry / |c edited by P. M. Dey and J. B. Harborne. |
| 260 | |a London : |b Academic Press, |c c1989-1990. | ||
| 300 | |a τ. ; |c 24 εκ. | ||
| 490 | 1 | |a (Methods in plant biochemistry) | |
| 504 | |a Περιέχει βιβλιογραφικές παραπομπές και ευρετήριο. | ||
| 505 | 8 | |a Τ. 1. Plant phenolics / edited by J. B. Harborne -- τ. 2. Carbohydrates / edietd by P. M. Dey. | |
| 650 | 0 | 0 | |a Botanical chemistry. |
| 700 | 1 | |a Harborne, J. B. |q (Jeffrey B.) |e edt | |
| 700 | 1 | |a Dey, P. M. |e edt | |
| 740 | 0 | |a Plant phenolics. | |
| 740 | 0 | |a Carbohydrates. | |
| 830 | 0 | |a Methods in plant biochemistry | |
| 852 | |a INST |b LESVOS |e 20220905 |h 581 MET |p 005100005585 |q 005100005585 |t BK |v τ.1: |y 0 | ||
| 852 | |a INST |b LESVOS |e 20220905 |h 581 MET |p 005100005586 |q 005100005586 |t BK |v τ.2: |y 0 | ||
| 853 | |a INST |b LESVOS |h 581 MET | ||